000 00755nam a22001937a 4500
005 20240528152612.0
010 _aHIN-127739
020 _c250.00
_a9788188984312
035 _aHN-100085
037 _bDBAD/PUB
082 _a
100 _aभारती, डॉ. प्रेम
_967010
245 _aप्रातः स्मरणीया पंच कन्याएँ/
_cडॉ. प्रेम भारती
_hहिन्दी
250 _a1
260 _aप्रतापगढ़
_bमयंक प्रकाशन
_c2016
270 _aडाड़ी, पोस्ट-सगरा
_bप्रतापगढ़
_e230136
300 _a80p.;
_c22 सेमी (सजिल्द)
942 _2ddc
_cHN
_h
_mभारती
999 _c203338
_d203338